| 000 | 00597nam a2200205Ia 4500 | ||
|---|---|---|---|
| 005 | 20250508170025.0 | ||
| 008 | 008 250505s9999 xx 000 0 eng d | ||
| 020 | _a978-93-528-0594-5 | ||
| 037 | _aTextBook | ||
| 040 |
_aFEDL _beng _cFEDL |
||
| 041 |
_aeng _2eng |
||
| 084 |
_a371.9, KUK/R _qFEDL |
||
| 100 |
_aKukoff Zak _9782764 |
||
| 245 | 0 | _aAutism ambassadors handbook: Peer support for learning, growth and success | |
| 260 |
_aNew Delhi, India _bSage _c2013 |
||
| 300 | _axviii, 212p. | ||
| 365 |
_aINR _b950 |
||
| 942 |
_cTB _h371.9, KUK/R |
||
| 999 |
_c1398741 _d1398741 |
||